Формирование современного имиджа сотрудника контактной зоны ресторана; Актуальные проблемы гуманитарных наук

Bibliographic Details
Parent link:Актуальные проблемы гуманитарных наук.— 2002.— С. 121-123.
Main Author: Мамаева Р. В.
Language:Russian
Published: 2002
Subjects:
Format: Book Chapter
KOHA link:https://koha.lib.tpu.ru/cgi-bin/koha/opac-detail.pl?biblionumber=96042

MARC

LEADER 00000naa2a2200000 4500
001 96042
005 20231031110343.0
035 |a (RuTPU)RU\TPU\book\102812 
090 |a 96042 
100 |a 20060506d2002 k y0rusy50 ca 
101 0 |a rus 
102 |a RU 
200 1 |a Формирование современного имиджа сотрудника контактной зоны ресторана  |f Р. В. Мамаева 
463 0 |0 (RuTPU)RU\TPU\book\68542  |t Актуальные проблемы гуманитарных наук  |o Труды 1 региональной научно-практической конференции студентов, аспирантов и молодых ученых. 8-15 апреля 2002  |f Томский политехнический университет  |v С. 121-123.  |d 2002  |p 208 с. 
610 1 |a имидж 
610 1 |a рестораны 
610 1 |a общественное питание 
610 1 |a конкуренция 
610 1 |a формирование имиджа 
610 1 |a труды учёных ТПУ 
700 1 |a Мамаева  |b Р. В. 
801 1 |a RU  |b 63413507  |c 20060506  |g PSBO 
942 |c BK